[Event "3rd Ruy Lopez"]
[Site "?"]
[Date "2009.06.13"]
[Round "?"]
[White "Larino Nieto, David"]
[Black "Adams, Mi"]
[WhiteElo "2464"]
[BlackElo "2703"]
[Result "1-0"]

1. e4 e5 2. Nf3 Nc6 3. Bb5 a6 4. Bxc6 dxc6 5. O-O Qd6 6. Na3 b5 7. c3 c5 8. Qe2 Ne7 9. Rd1 Nc6 10. Nc2 Bg4 11. a4 Rb8 12. axb5 axb5 13. h3 Bxf3 14. Qxf3 g6 15. d4 cxd4 16. cxd4 exd4 17. Bf4 Qd7 18. Ra6 Bg7 19. e5 Nd8 20. Nxd4 Qc8 21. Nc6 Qxa6 22. Nxb8 Qc8 23. Nc6 Ne6 24. Bh6 Bxh6 25. Qf6 Bf8 26. Qxh8 Qa8 27. Rc1 Qa2 28. Qf6 Qd5 29. Rc3 h6 30. h4 g5 31. Rf3 Qd7 32. Qf5 gxh4 33. b4 Bg7 34. Qc2 Kf8 35. Rd3 Qe8 36. Rd5 Kg8 37. f4 f5 38. Rxb5 Bf8 39. Rb8 Qd7 40. Qxf5 

1-0

[Event "4th Open"]
[Site "?"]
[Date "2007.06.21"]
[Round "?"]
[White "Larino Nieto, David"]
[Black "Gashimov, Vugar"]
[WhiteElo "2404"]
[BlackElo "2644"]
[Result "1-0"]

1. e4 c5 2. d3 Nc6 3. Nc3 g6 4. g3 Bg7 5. Bg2 d6 6. f4 Nf6 7. Nf3 O-O 8. h3 Rb8 9. O-O b5 10. g4 b4 11. Ne2 c4 12. Be3 Ba6 13. Ned4 Nxd4 14. Bxd4 Qa5 15. Rf2 Rbc8 16. f5 cxd3 17. cxd3 Qb5 18. Qe1 Bb7 19. Qe3 a5 20. g5 Nh5 21. Bxg7 Nxg7 22. f6 Nh5 23. Nh2 e5 24. Ng4 Qc5 25. Qxc5 Rxc5 26. Nh6+ Kh8 27. Rd1 Bc8 28. h4 Be6 29. d4 Rcc8 30. d5 Bd7 31. Bf1 Nf4 32. Rfd2 Rc7 33. Kf2 Ba4 34. b3 Bd7 35. Bc4 Bh3 36. Rc1 Rfc8 37. Rdc2 a4 38. Ke3 Ng2+ 39. Kd2 Nxh4 40. Be2 Rxc2+ 41. Rxc2 Rxc2+ 42. Kxc2 Bg2 43. Kd3 axb3 44. axb3 Nf5 45. exf5 Bxd5 46. fxg6 fxg6 47. Kc2 Be6 48. Bg4 Bd5 49. Bd7 e4 50. Be8 e3 51. Bf7 Be4+ 52. Kd1 d5 53. Ke2 d4 54. Bc4 d3+ 55. Kxe3 d2 56. Nf7+ 

1-0

[Event "Elgoibar Spain, Closed GM 09"]
[Site "?"]
[Date "2009.??.??"]
[Round "?"]
[White "Larino Nieto, David"]
[Black "Mirzoev, Azer"]
[WhiteElo "2467"]
[BlackElo "2617"]
[Result "1-0"]

1. e4 Nf6 2. Nc3 e5 3. Nf3 Nc6 4. g3 Bb4 5. Bg2 O-O 6. O-O d6 7. d3 Ba5 8. Nd5 Nxd5 9. exd5 Ne7 10. d4 exd4 11. Nxd4 Bb6 12. a4 a5 13. Be3 Ng6 14. f4 Re8 15. Bf2 Bd7 16. h3 Qf6 17. c3 h6 18. b3 Ne7 19. Qd2 Nf5 20. Nxf5 Bxf2+ 21. Kxf2 Qxf5 22. Rad1 Re7 23. Rfe1 Rae8 24. Rxe7 Rxe7 25. Qd3 Qh5 26. h4 Bf5 27. Qd2 Bg6 28. b4 Be4 29. Bxe4 Rxe4 30. bxa5 Rxa4 31. Rb1 Qf5 32. Rxb7 Rxa5 33. Rxc7 Qh3 34. Qe1 Ra2+ 35. Ke3 Qg2 36. Rc8+ Kh7 37. Rc4 Ra8 38. Kd4 f5 39. Rb4 Ra5 40. Ke3 Rxd5 41. Rd4 Rc5 42. Rxd6 Rc7 43. Kd4 Qc2 44. Qe3 Qa4+ 45. Kd3 Qd1+ 46. Qd2 Qf3+ 47. Kc2 Qxg3 48. h5 Ra7 49. Kb3 Rb7+ 50. Kc4 Qf3 51. Qd4 Qxh5 52. Qe5 Qf7+ 53. Qd5 Rc7+ 54. Kd4 Qf8 55. c4 Ra7 56. c5 Ra4+ 57. Kd3 Rxf4 58. Rd8 Qe7 59. c6 Rf1 60. Kc4 Rc1+ 61. Kb5 Rb1+ 62. Ka6 Qa3+ 63. Qa5 Qf3 64. Rd5 Qe2+ 65. Rb5 Qc4 66. Kb6 Qd4+ 67. Kb7 Ra1 68. Qb6 Qa4 69. Kc7 f4 70. Qc5 Qa7+ 71. Qxa7 Rxa7+ 72. Kb8 Rf7 73. c7 Rf8+ 74. c8=Q Rxc8+ 75. Kxc8 g5 76. Kd7 Kg6 77. Ke6 g4 78. Ke5 f3 79. Kf4 h5 80. Rb6+ Kg7 81. Kg3 Kh7 82. Rf6 Kg7 83. Rf4 Kh6 84. Rf5 Kg6 85. Ra5 Kh6 86. Kh4 Kg6 87. Rb5 Kf6 88. Kg3 Kg6 89. Kf4 Kh6 90. Rb6+ Kg7 91. Kg3 Kh7 92. Ra6 Kg7 93. Kh4 Kf7 94. Kg5 Kg7 95. Ra7+ Kf8 96. Kh4 Kg8 97. Kg3 Kh8 98. Ra5 Kg7 99. Rxh5 

1-0

[Event "Spanish Championship Rapid"]
[Site "?"]
[Date "2013.08.27"]
[Round "?"]
[White "Larino Nieto, David"]
[Black "Illescas Cordoba, Miguel"]
[WhiteElo "2491"]
[BlackElo "2608"]
[Result "1-0"]

1. e4 c5 2. Nc3 e6 3. f4 d5 4. e5 Nc6 5. Nf3 Nh6 6. g3 Be7 7. Bg2 Nf5 8. O-O h5 9. Ne2 h4 10. g4 h3 11. gxf5 hxg2 12. Rf2 d4 13. fxe6 Bxe6 14. d3 Qd7 15. Ng3 O-O-O 16. f5 Bxf5 17. Nxf5 Qxf5 18. Qe2 Qe6 19. Rxg2 g6 20. Bf4 Nb4 21. a3 Nd5 22. Bd2 Rh5 23. b4 Rdh8 24. bxc5 Bxc5 25. Ng5 Qe7 26. Rf1 Rf8 27. Kh1 Ne3 28. Bxe3 dxe3 29. Qg4+ Kb8 30. d4 Bb6 31. c3 Qxa3 32. Nxf7 Qxc3 33. Qxg6 Rhh8 34. Rfg1 Rhg8 35. Qe6 e2 36. Rxg8 Qf3+ 37. R8g2 Rg8 38. Ng5 Rxg5 39. Qe8+ Kc7 40. Rc1+ 

1-0

[Event "World Chess Open"]
[Site "?"]
[Date "2010.01.02"]
[Round "?"]
[White "Larino Nieto, David"]
[Black "Salgado Lopez, Ivan"]
[WhiteElo "2471"]
[BlackElo "2584"]
[Result "1-0"]

1. e4 c5 2. Nc3 Nc6 3. g3 g6 4. Bg2 Bg7 5. d3 d6 6. f4 Nf6 7. h3 O-O 8. Nf3 Rb8 9. O-O b5 10. g4 b4 11. Ne2 a5 12. Rb1 c4 13. Be3 cxd3 14. cxd3 Ba6 15. Rf2 Rc8 16. Ned4 Nxd4 17. Bxd4 e5 18. Be3 exf4 19. Bxf4 Qb6 20. Qd2 Nd7 21. d4 a4 22. Bh6 b3 23. axb3 axb3 24. Bxg7 Kxg7 25. Rc1 f6 26. h4 Bb7 27. Rxc8 Rxc8 28. Qf4 Rc2 29. g5 Rxf2 30. Kxf2 d5 31. e5 f5 32. Qe3 Nf8 33. Nd2 Ne6 34. Nxb3 Ba6 35. Bxd5 Nc7 36. e6 Qd6 37. Bg2 Nxe6 38. Nc5 Bc8 39. Nxe6+ Bxe6 40. Qe5+ Qxe5 41. dxe5 Bb3 42. Ke3 Kf7 43. Kd4 Ke6 44. Bf3 Ke7 45. Bd5 Bc2 46. b4 Ba4 47. Bc4 Kd7 48. b5 Kc7 49. Kc5 f4 50. Bd5 Bd1 51. e6 f3 52. b6+ Kd8 53. e7+ Kxe7 54. b7 f2 55. Bc4 

1-0

[Event "Xose Enrique Rodriguez Pena Memorial"]
[Site "?"]
[Date "2007.06.14"]
[Round "?"]
[White "Larino Nieto, David"]
[Black "Felgaer, R"]
[WhiteElo "2404"]
[BlackElo "2574"]
[Result "1-0"]

1. e4 c5 2. Nc3 Nc6 3. g3 g6 4. Bg2 Bg7 5. d3 e6 6. Be3 d6 7. f4 Nge7 8. Nf3 Nd4 9. O-O O-O 10. Bf2 Nxf3+ 11. Bxf3 Nc6 12. e5 dxe5 13. Bxc5 exf4 14. Bxf8 Kxf8 15. Kh1 fxg3 16. Ne4 gxh2 17. c3 f5 18. Nc5 Ne5 19. Bg2 Qd6 20. d4 Nd7 21. Qa4 Nxc5 22. dxc5 Qxc5 23. Rad1 Bf6 24. Rd3 a5 25. Qf4 Kg7 26. Rfd1 e5 27. Qxh2 e4 28. Rd7+ Bxd7 29. Rxd7+ Kf8 30. Qxh7 Qc4 31. Qxg6 Qe6 32. Qh6+ Ke8 33. Rg7 Kd8 34. Qh8+ 

1-0

[Event "Lorca Narciso Yepes op"]
[Site "?"]
[Date "2006.??.??"]
[Round "?"]
[White "Larino Nieto, David"]
[Black "Epishin, Vladimir"]
[WhiteElo "2385"]
[BlackElo "2565"]
[Result "1-0"]

1. e4 c5 2. d3 g6 3. Nc3 Bg7 4. g3 b6 5. Bg2 Bb7 6. Be3 Nc6 7. Qd2 Nd4 8. Nge2 e5 9. O-O d6 10. b4 Nf6 11. h3 O-O 12. f4 exf4 13. Nxf4 Nd7 14. bxc5 bxc5 15. Rab1 Bc6 16. Nfd5 Nb6 17. Bh6 Bxh6 18. Qxh6 Bxd5 19. Rxb6 axb6 20. Nxd5 f6 21. c3 Ne6 22. h4 Ra7 23. Bh3 Ng7 24. h5 Nxh5 25. Be6+ Kh8 26. g4 Ng7 27. Nf4 Qe8 28. Bb3 g5 29. Nd5 Qg6 30. Qh2 Ne8 31. Nxb6 h5 32. gxh5 Qh6 33. Nc8 Rh7 34. Nxd6 g4 35. Nxe8 Rxe8 36. Qd6 Qe3+ 37. Kg2 Qh3+ 38. Kf2 Rh6 39. Bf7 Qf3+ 40. Ke1 Qe3+ 41. Kd1 f5 42. Qd5 Rb6 43. Bxe8 Rb1+ 44. Kc2 Rxf1 45. Qe5+ Kg8 46. Qe6+ Kh8 47. Qf6+ 

1-0

[Event "Spanish Championship KO"]
[Site "?"]
[Date "2008.09.30"]
[Round "?"]
[White "Larino Nieto, David"]
[Black "San Segundo Carrillo, Pablo"]
[WhiteElo "2426"]
[BlackElo "2560"]
[Result "1-0"]

1. e4 e5 2. Nf3 Nc6 3. Nc3 Nf6 4. g3 Bc5 5. Bg2 d6 6. d3 a6 7. O-O O-O 8. Be3 Re8 9. h3 Nd4 10. Bxd4 Bxd4 11. Nxd4 exd4 12. Ne2 c5 13. c3 dxc3 14. bxc3 d5 15. Qc2 dxe4 16. dxe4 Qe7 17. Nf4 Bd7 18. Nd5 Nxd5 19. exd5 Qd6 20. Kh2 b5 21. Rfd1 Re7 22. Rd2 Rae8 23. a3 c4 24. Qb2 a5 25. Rad1 h5 26. h4 Bg4 27. Rc1 Bd7 28. Rcd1 Re5 29. Bh3 Bxh3 30. Kxh3 Qd7+ 31. Kg2 f5 32. a4 bxa4 33. Qa2 Re4 34. Rd4 Rc8 35. Rxe4 fxe4 36. Qe2 Qf5 37. d6 Kf7 38. d7 Qf3+ 39. Qxf3+ exf3+ 40. Kxf3 Rd8 41. Rd4 a3 42. Ke3 Rxd7 43. Rxd7+ 

1-0

[Event "4th Open"]
[Site "?"]
[Date "2007.10.19"]
[Round "?"]
[White "Larino Nieto, David"]
[Black "Peralta, Fe"]
[WhiteElo "2428"]
[BlackElo "2546"]
[Result "1-0"]

1. e4 d6 2. d4 Nf6 3. Nc3 g6 4. g3 Bg7 5. Bg2 O-O 6. Nge2 e5 7. h3 c6 8. a4 exd4 9. Nxd4 Na6 10. O-O Nb4 11. a5 Re8 12. Kh2 Bd7 13. Be3 a6 14. Nb3 Be6 15. Nd4 Bc4 16. Re1 c5 17. Nde2 Nc6 18. f4 Qc7 19. g4 d5 20. Bxc5 Nxe4 21. Nxe4 dxe4 22. Bb6 Qb8 23. Qc1 Bh6 24. Kh1 Bxe2 25. Rxe2 Bxf4 26. Qf1 Bc7 27. Bxe4 Bxb6 28. Bd5 Ne5 29. axb6 Qd6 30. c4 Re7 31. Rae1 Kh8 32. g5 Nc6 33. Qf6+ Qxf6 34. gxf6 Rxe2 35. Rxe2 h6 36. Bxc6 bxc6 37. c5 a5 38. Re7 

1-0

[Event "6th Las Palmas Spain, Montalvo Memorial"]
[Site "?"]
[Date "2013.03.29"]
[Round "?"]
[White "Larino Nieto, David"]
[Black "Kurajica, Bojan"]
[WhiteElo "2508"]
[BlackElo "2539"]
[Result "1-0"]

1. e4 c5 2. Nf3 Nc6 3. d4 cxd4 4. Nxd4 Qb6 5. Nb3 Nf6 6. Nc3 e6 7. a3 Qc7 8. f4 d6 9. g4 a6 10. g5 Nd7 11. h4 b5 12. Bh3 g6 13. h5 Bg7 14. Bd2 Nb6 15. h6 Bxc3 16. Bxc3 e5 17. Bxc8 Rxc8 18. Qf3 Qe7 19. O-O-O O-O 20. Rd3 Nc4 21. Nd2 Nxd2 22. Rxd2 a5 23. fxe5 Nxe5 24. Qf6 Qxf6 25. gxf6 Nc4 26. Rd5 Nxa3 27. Rh3 b4 28. bxa3 bxc3 29. Rxa5 Rfe8 30. Rd3 Rxe4 31. Rxc3 Rce8 32. Rd5 R4e6 33. Rf3 Rc8 34. Rb5 Kf8 35. Kb2 Ke8 36. a4 Kd7 37. a5 Re5 38. Rxe5 dxe5 39. a6 Ra8 40. Ra3 g5 41. Kc3 Kc6 42. Kb4 Kb6 43. Ra5 e4 44. Rxg5 Re8 45. a7 Kxa7 46. Rg7 Kb6 47. Rxf7 Re6 48. Rxh7 Rxf6 49. Kc3 Rf3+ 50. Kd4 e3 51. Kd3 Rh3 52. Rh8 Kb7 53. h7 Ka7 54. c4 Kb7 55. c5 

1-0

[Event "FMA Masters"]
[Site "?"]
[Date "2007.04.23"]
[Round "?"]
[White "Larino Nieto, David"]
[Black "Campora, Daniel H"]
[WhiteElo "2404"]
[BlackElo "2532"]
[Result "1-0"]

1. e4 e5 2. Nf3 Nc6 3. d4 exd4 4. Nxd4 d6 5. Nc3 Nf6 6. g3 Bg4 7. Nxc6 bxc6 8. Qd3 Be7 9. Bg2 O-O 10. h3 Bd7 11. O-O Qc8 12. Kh2 Rb8 13. Re1 Re8 14. e5 dxe5 15. Rxe5 Bd6 16. Rxe8+ Nxe8 17. b3 Nf6 18. Bb2 h5 19. Ne4 Nxe4 20. Qxe4 Rb5 21. h4 Qe8 22. c4 Qxe4 23. Bxe4 Rb8 24. Rd1 Re8 25. Bf3 Bg4 26. Kg2 Bxf3+ 27. Kxf3 f6 28. Bd4 Kf7 29. c5 Be7 30. Be3 Ke6 31. Rd4 Rb8 32. Ra4 Rb7 33. Ke4 g6 34. Kd3 f5 35. Kc4 Kd7 36. Ra6 Bf6 37. Bf4 

1-0

[Event "4th Open"]
[Site "?"]
[Date "2007.10.20"]
[Round "?"]
[White "Damljanovic, Branko"]
[Black "Larino Nieto, David"]
[WhiteElo "2608"]
[BlackElo "2428"]
[Result "0-1"]

1. Nf3 Nf6 2. c4 g6 3. Nc3 Bg7 4. e4 d6 5. d4 O-O 6. h3 e5 7. d5 Na6 8. Bg5 h6 9. Be3 Nc5 10. Nd2 a5 11. Be2 Nh7 12. Nb3 b6 13. Nxc5 bxc5 14. Qd2 h5 15. O-O-O Bf6 16. Rdg1 h4 17. g3 Kh8 18. a4 Bd7 19. Bg4 Be8 20. Kb1 hxg3 21. fxg3 Bg5 22. Bxg5 Qxg5 23. Qxg5 Nxg5 24. Bd1 f5 25. exf5 Rxf5 26. Rf1 Kg7 27. h4 Nf7 28. Bc2 Rxf1+ 29. Rxf1 Bd7 30. b3 Nh6 31. Ne4 Nf5 32. Kb2 Ne3 33. Re1 Nxc2 34. Kxc2 Rf8 35. Kd2 Rf3 36. Re3 Rf1 37. Nc3 Kh6 38. Ke2 Rf8 39. Ne4 Bg4+ 40. Ke1 Kh5 41. Nf2 g5 42. hxg5 Kxg5 43. Ne4+ Kh5 44. Nf2 Rf7 45. Re4 Bf3 46. Rh4+ Kg5 47. Kd2 c6 48. dxc6 Bxc6 49. Nh3+ Kf5 50. Rh6 Bg2 51. Nf2 Kg5 52. Rxd6 

0-1

[Event "20th GM"]
[Site "?"]
[Date "2010.12.17"]
[Round "?"]
[White "Korneev, Oleg"]
[Black "Larino Nieto, David"]
[WhiteElo "2582"]
[BlackElo "2451"]
[Result "0-1"]

1. e4 e6 2. d4 d5 3. e5 c5 4. c3 Nc6 5. Nf3 Nh6 6. Bxh6 gxh6 7. Be2 Bg7 8. O-O O-O 9. Nbd2 f6 10. exf6 Qxf6 11. dxc5 Qe7 12. Nb3 Rd8 13. Re1 e5 14. c4 e4 15. cxd5 exf3 16. Bc4 Qh4 17. dxc6+ Kh8 18. Qxf3 bxc6 19. Qxc6 Bf5 20. Be6 Bg6 21. Qf3 Rf8 22. Qg3 Qa4 23. Rad1 Rae8 24. Qd6 Qxa2 25. c6 Qxb2 26. f3 Bc3 27. Nd4 Rf6 28. Re2 Qb6 29. Kf1 Bd3 30. Rxd3 Qb1+ 31. Kf2 Qxd3 32. Re4 Qxe4 

0-1

[Event "Memorial Xose Enrique Rodriguez Pena"]
[Site "?"]
[Date "2007.06.09"]
[Round "?"]
[White "Strikovic, Aleksa"]
[Black "Larino Nieto, David"]
[WhiteElo "2563"]
[BlackElo "2404"]
[Result "0-1"]

1. c4 Nf6 2. Nc3 d5 3. cxd5 Nxd5 4. Nf3 g6 5. Qa4+ Bd7 6. Qb3 Nb6 7. d4 Bg7 8. Bf4 Be6 9. Qc2 Nc6 10. Rd1 O-O 11. h3 Nd5 12. Nxd5 Qxd5 13. a3 Bf5 14. Qc1 Be4 15. e3 Bxf3 16. gxf3 Qxf3 17. Rg1 e5 18. Rg3 Qh1 19. dxe5 Nxe5 20. Ke2 Rad8 21. Bxe5 Bxe5 22. Rxd8 Rxd8 23. Rg2 Bxb2 24. Qxb2 Rd1 25. Qxb7 Qxf1+ 26. Kf3 Qc4 27. Rg4 Qc5 28. Qb8+ Kg7 29. Qb2+ f6 30. Qb4 Qd5+ 31. Ke2 c5 32. Qa5 Qd3+ 33. Kf3 Qf5+ 34. Kg2 h5 35. Ra4 Qd5+ 36. e4 Qg5+ 37. Kf3 Kh6 38. Qc3 Qg1 39. Rc4 Qh1+ 40. Ke2 Qf1+ 41. Ke3 Re1+ 

0-1

[Event "Spanish Championship KO"]
[Site "?"]
[Date "2008.09.28"]
[Round "?"]
[White "Perez Candelario, Manuel"]
[Black "Larino Nieto, David"]
[WhiteElo "2537"]
[BlackElo "2426"]
[Result "0-1"]

1. e4 e6 2. d4 d5 3. Nd2 Nf6 4. e5 Nfd7 5. f4 c5 6. c3 Nc6 7. Ndf3 Qb6 8. g3 Be7 9. Bh3 cxd4 10. cxd4 f6 11. Kf1 fxe5 12. fxe5 O-O 13. Kg2 Ndxe5 14. dxe5 Nxe5 15. Qd4 Nxf3 16. Nxf3 Bc5 17. Qd3 Bd7 18. Qb3 Qa6 19. Re1 Kh8 20. Be3 d4 21. Bxd4 Bc6 22. Bxc5 Rxf3 23. Qxe6 Rf1+ 24. Re4 Qe2+ 

0-1

[Event "1st Tancats Magistrals Vila de C"]
[Site "?"]
[Date "2008.09.13"]
[Round "?"]
[White "Rodriguez Vila, Andres"]
[Black "Larino Nieto, David"]
[WhiteElo "2531"]
[BlackElo "2426"]
[Result "0-1"]

1. d4 Nf6 2. Nf3 c5 3. e3 d5 4. b3 Bg4 5. Be2 cxd4 6. exd4 e6 7. O-O Nc6 8. Bb2 Rc8 9. Nbd2 Bb4 10. c4 dxc4 11. bxc4 O-O 12. Nb3 Bd6 13. Ne5 Bxe2 14. Qxe2 Bb8 15. Rad1 Qc7 16. f4 Rfd8 17. Rf3 Ne8 18. Rh3 h6 19. Qh5 Nf6 20. Qf3 Nh7 21. Rg3 Nxe5 22. fxe5 Qxc4 23. Rf1 f5 24. exf6 Bxg3 25. Qxg3 Qc7 26. Qg4 h5 27. Qxe6+ Qf7 28. Qxf7+ Kxf7 29. fxg7+ Kxg7 30. Nc5 Rd6 31. Rf5 Kg6 32. Re5 Nf6 33. Re7 Rb6 34. Re2 Re8 35. Rc2 Rc6 36. Rd2 Re1+ 37. Kf2 Rb1 38. Re2 h4 39. Nd3 Ng4+ 40. Kf3 Kf5 41. g3 h3 42. d5 Rf1+ 43. Rf2 Nxf2 44. dxc6 Nxd3+ 45. Ke2 bxc6 46. Bd4 Rh1 

0-1